[Event "Torino Estate Alfieri A"]
[Site "Torino"]
[Date "2011.05.17"]
[Round "3"]
[White "Di Chiara, Mauro"]
[Black "Manni, Stefano"]
[Result "0-1"]
[WhiteElo "1955"]
[BlackElo "2034"]
[PlyCount "60"]
[EventDate "2011.05.03"]
[EventType "tourn"]
[EventRounds "7"]
[EventCountry "ITA"]
[SourceTitle "EXT 2024"]
[Source "ChessBase"]
[SourceDate "2023.10.10"]
[SourceVersion "1"]
[SourceVersionDate "2023.10.10"]
[SourceQuality "1"]

1. d4 d5 2. Nf3 Nf6 3. c4 c6 4. g3 dxc4 5. Bg2 Nbd7 6. 0-0 e6 7. Bg5 Be7 8. Qc2 Nb6 9. Ne5 Qxd4 10. Nxc6 bxc6 11. Bxc6+ Bd7 12. Bxa8 Nxa8 13. Be3 Qg4 14. f3 Qh3 15. Qxc4 h5 16. Nc3 h4 17. g4 Nb6 18. Qd3 Bc6 19. Rad1 Nxg4 20. Bf4 e5 21. Ne4 exf4 22. fxg4 Qxg4+ 23. Kf2 h3 24. Rg1 Qh4+ 25. Kf1 g5 26. Nd6+ Bxd6 27. Qxd6 Bg2+ 28. Rxg2 hxg2+ 29. Kxg2 Qxh2+ 30. Kf1 Qh1+ 0-1

[Event "Torino-ch Alfieri"]
[Site "Torino"]
[Date "2010.12.05"]
[Round "7"]
[White "Manni, Stefano"]
[Black "Di Chiara, Mauro"]
[Result "1-0"]
[WhiteElo "1994"]
[BlackElo "1945"]
[PlyCount "47"]
[EventDate "2010.11.06"]
[EventType "tourn"]
[EventRounds "7"]
[EventCountry "ITA"]
[SourceTitle "EXT 2024"]
[Source "ChessBase"]
[SourceDate "2023.10.10"]
[SourceVersion "1"]
[SourceVersionDate "2023.10.10"]
[SourceQuality "1"]

1. d4 d6 2. e4 Nf6 3. Nc3 g6 4. Nf3 Bg7 5. h3 0-0 6. Be3 c6 7. a4 a5 8. Be2 Na6 9. Qc1 Nb4 10. 0-0 Qc7 11. Rd1 Bd7 12. Nd2 Rad8 13. Nc4 d5 14. Bf4 Qxf4 15. Qxf4 dxc4 16. Bxc4 Nxc2 17. Rac1 Nh5 18. Qc7 Nxd4 19. Ne2 e5 20. Nxd4 exd4 21. Qxb7 Rfe8 22. Re1 Nf4 23. Rcd1 Re7 24. Qc7 1-0

[Event "Torino Alfieri op-A"]
[Site "Torino"]
[Date "2010.06.15"]
[Round "7"]
[White "Manni, Stefano"]
[Black "Di Chiara, Mauro"]
[Result "1-0"]
[WhiteElo "1960"]
[BlackElo "1935"]
[PlyCount "31"]
[EventDate "2010.05.04"]
[EventType "tourn"]
[EventRounds "7"]
[EventCountry "ITA"]
[SourceTitle "EXT 2024"]
[Source "ChessBase"]
[SourceDate "2023.10.10"]
[SourceVersion "1"]
[SourceVersionDate "2023.10.10"]
[SourceQuality "1"]

1. e4 d6 2. d4 Nf6 3. Nc3 g6 4. Be3 Bg7 5. Qd2 0-0 6. 0-0-0 c6 7. Bh6 b5 8. f3 Bxh6 9. Qxh6 Qa5 10. Kb1 e5 11. h4 Na6 12. h5 exd4 13. e5 dxe5 14. Ne4 Nxe4 15. hxg6 Ng5 16. gxh7+ 1-0

[Event "Torino Alfieri op-A"]
[Site "Torino"]
[Date "2010.06.02"]
[Round "5"]
[White "Manni, Stefano"]
[Black "Quagliana, Giuseppe"]
[Result "0-1"]
[WhiteElo "1960"]
[BlackElo "2029"]
[PlyCount "49"]
[EventDate "2010.05.04"]
[EventType "tourn"]
[EventRounds "7"]
[EventCountry "ITA"]
[SourceTitle "EXT 2024"]
[Source "ChessBase"]
[SourceDate "2023.10.10"]
[SourceVersion "1"]
[SourceVersionDate "2023.10.10"]
[SourceQuality "1"]

1. d4 e6 2. Nf3 Nf6 3. e3 b6 4. Bd3 Bb7 5. 0-0 c5 6. Re1 Nc6 7. c4 Nb4 8. Be2 Be7 9. a3 Na6 10. Nc3 0-0 11. d5 exd5 12. cxd5 d6 13. e4 Nc7 14. b4 Ng4 15. bxc5 bxc5 16. Rb1 Bc8 17. Nd2 Bf6 18. Nb5 Nxb5 19. Rxb5 Nxf2 20. Kxf2 Bd4+ 21. Kg3 Qg5+ 22. Bg4 h5 23. h3 Qe5+ 24. Kf3 hxg4+ 25. hxg4 0-1

[Event "Asti Alfieri Memorial 5th"]
[Site "Asti"]
[Date "2010.04.17"]
[Round "4"]
[White "Manni, Stefano"]
[Black "Damia, Angelo"]
[Result "0-1"]
[WhiteElo "1961"]
[BlackElo "2284"]
[PlyCount "62"]
[EventDate "2010.04.16"]
[EventType "swiss"]
[EventRounds "5"]
[EventCountry "ITA"]
[SourceTitle "EXT 2024"]
[Source "ChessBase"]
[SourceDate "2023.10.10"]
[SourceVersion "1"]
[SourceVersionDate "2023.10.10"]
[SourceQuality "1"]

1. d4 b6 2. e4 Bb7 3. Bd3 e6 4. Nf3 c5 5. c3 Nf6 6. Qe2 Nc6 7. a3 Qc7 8. Bg5 Be7 9. d5 exd5 10. Bxf6 Bxf6 11. exd5+ Ne5 12. Nxe5 Qxe5 13. Qxe5+ Bxe5 14. 0-0 0-0-0 15. Bc4 Rhe8 16. Nd2 Bf4 17. Nf3 Kc7 18. Rfe1 Kd6 19. Bb3 g6 20. a4 a5 21. c4 Ba6 22. Kf1 Bh6 23. Rxe8 Rxe8 24. Re1 Rxe1+ 25. Kxe1 Bc1 26. Ke2 h6 27. Kd3 Bxb2 28. Ke4 Bc8 29. g4 Ke7 30. Nh4 d6 31. f4 Bxg4 0-1

[Event "Torino Province-ch"]
[Site "Torino"]
[Date "2010.02.23"]
[Round "3"]
[White "Manni, Stefano"]
[Black "Longo, Enrico"]
[Result "1/2-1/2"]
[WhiteElo "1962"]
[BlackElo "1913"]
[PlyCount "58"]
[EventDate "2010.02.09"]
[EventType "swiss"]
[EventRounds "7"]
[EventCountry "ITA"]
[SourceTitle "EXT 2024"]
[Source "ChessBase"]
[SourceDate "2023.10.10"]
[SourceVersion "1"]
[SourceVersionDate "2023.10.10"]
[SourceQuality "1"]

1. e4 c5 2. c3 e6 3. d4 cxd4 4. cxd4 Nc6 5. Nf3 Nf6 6. e5 Nd5 7. a3 Be7 8. Bd3 d6 9. 0-0 Qb6 10. Nbd2 dxe5 11. dxe5 Ne3 12. Nc4 Nxc4 13. Bxc4 Qc5 14. Qe2 Qb6 15. Qe4 Bd7 16. b4 Rd8 17. Qg4 g6 18. Bh6 Bf8 19. Bxf8 Rxf8 20. Qf4 h5 21. Rac1 Bc8 22. Ng5 Qd4 23. Qxd4 Rxd4 24. Bb5 Bd7 25. Nh7 Rh8 26. Nf6+ Ke7 27. Nxd7 Kxd7 28. Bxc6+ bxc6 29. Rc5 Rd5 1/2-1/2